| 000 | 00000nam 2200000zi 4500 |
| 001 | 9.956789 |
| 003 | CaOODSP |
| 005 | 20251028135142 |
| 006 | m o d f |
| 007 | cr |n||||||||| |
| 008 | 251028e20250618onc ob f000 0 eng d |
| 040 | |aCaOODSP|beng|erda|cCaOODSP |
| 043 | |an-cn--- |
| 086 | 1 |aYM32-3/451-C5E-PDF |
| 100 | 1 |aJennings, Avalon, |eauthor. |
| 245 | 10|aBill C-5 : |bAn Act to enact the Free Trade and Labour Mobility in Canada Act and the Building Canada Act / |cAvalon Jennings, Alexandre Lafrenière and Adriane Yong. |
| 246 | 3 |aLegislative summary of Bill C-5 : |bAn Act to enact the Free Trade and Labour Mobility in Canada Act and the Building Canada Act |
| 246 | 17|aLegislative summary of Bill C-5 |
| 264 | 1|aOttawa : |bLibrary of Parliament = Bibliothèque du Parlement, |c18 June 2025. |
| 264 | 4|c©2025 |
| 300 | |a1 online resource (i, 9 pages). |
| 336 | |atext|btxt|2rdacontent |
| 337 | |acomputer|bc|2rdamedia |
| 338 | |aonline resource|bcr|2rdacarrier |
| 490 | 1 |aLegislative summary ; |v45-1-C5-E |
| 500 | |aIssued also in French under title: Projet de loi C-5 : Loi édictant la Loi sur le libre-échange et la mobilité de la main-d'œuvre au Canada et la Loi visant à bâtir le Canada. |
| 504 | |aIncludes bibliographical references (pages 8-9). |
| 650 | 5|aInterprovincial commerce|xLaw and legislation|zCanada. |
| 650 | 0|aNon-tariff trade barriers|xLaw and legislation|zCanada. |
| 650 | 0|aLabor mobility|xLaw and legislation|zCanada. |
| 650 | 0|aEconomic development|xLaw and legislation|zCanada. |
| 650 | 0|aEnergy development|xLaw and legislation|zCanada. |
| 650 | 0|aInfrastructure (Economics)|xLaw and legislation|zCanada. |
| 650 | 0|aForeign trade regulation|zCanada. |
| 710 | 1 |aCanada. |bLibrary of Parliament, |eissuing body. |
| 710 | 1 |aCanada. |bLibrary of Parliament. |bResearch and Education, |eissuing body. |
| 775 | 08|tProjet de loi C-5 : |w(CaOODSP)9.956792 |
| 830 | #0|aLegislative summary (Canada. Parliamentary Information, Education and Research Services)|v45-1-C5-E.|w(CaOODSP)9.504770 |
| 856 | 40|qPDF|s687 KB|uhttps://publications.gc.ca/collections/collection_2025/bdp-lop/ls/YM32-3-451-C5-eng.pdf |